000 00731nam a2200229Ia 4500
003 GCL
008 140319s9999 xx 000 0 ara d
040 _aGCL /
_cGCL
082 0 4 _aق
_b962.074
_bج م
100 1 _aجمال حماد
245 1 0 _aالمعارك الحربية على الجبهة المصرية - حرب اكتوبر1973 /
_cجمال حماد
260 _a[S.N] :
_bالزهراء للاعلام العربى ،
_c1993
300 _a989 ص
490 _a
650 0 4 _aالعصر الحديث
650 0 4 _aمصر
650 0 4 _aتاريخ
650 0 4 _aالنزاع العربى الاسرائيلى
650 0 4 _aالتاريخ الحربى
650 0 4 _aحرب اكتوبر 1973
942 _2ddc
_cBK
999 _c31075
_d31075